000 00306nam a22001337a 4500
008 170831b xxu||||| |||| 00| 0 eng d
020 _a9780195169997
041 _aeng
080 _28 ED
_a070
100 _a40
101 _aMED
245 _aREPORTING FOR THE MEDIA
_cFEDLER.F
942 _2udc
_cBK
999 _c25703
_d25703